000 00525pab a2200193 454500
008 180718b2009- 2010 xxu||||| |||| 00| 0 eng d
100 _aSen, Dilip Kumar
245 _aAn analytical exercise on social accounting: Bangladesh Praxis
260 _c2009- 2010
300 _ap.3-30.
362 _aOct-Mar
650 _aAccounting - Bangladesh
650 _aAccounting
700 _aRazzaque, Md. Rezaur
700 _aJain, Sugan C.
773 _aJournal of Accounting and Finance
908 _aN
909 _a86171
999 _c86171
_d86171